[Event "Yingmei Cup CHN-chT 2017"]
[Site "?"]
[Date "2017.07.29"]
[Round "11"]
[White "Girya, Olga"]
[Black "Lei, Tingjie"]
[Result "1/2-1/2"]
[WhiteElo "2502"]
[BlackElo "2471"]
[Annotator "TA"]
[PlyCount "66"]
[EventDate "2017.??.??"]
[SourceTitle "Ningbo"]

1. d4 d5 2. c4 c6 3. Nf3 Nf6 4. Nc3 e6 5. Bg5 h6 6. Bxf6 Qxf6 7. e3 g6 8. Bd3
Bg7 9. O-O O-O 10. Rc1 Nd7 11. Qb3 {D43: Semi-Slav: 5 Bg5 h6} (11. e4 dxc4 12.
Bxc4 e5 13. d5 Nb6 14. Bb3 {1/2-1/2 (14) Stupak,K (2555) -Ter Sahakyan,S (2617)
Yerevan 2016}) 11... dxc4 12. Qxc4 $146 ({Predecessor:} 12. Bxc4 e5 13. d5 Nb6
14. dxc6 bxc6 15. Ne4 Qe7 {0-1 (35) Medvegy,N (2369) -Szabo,K (2492) Hungary
2008}) 12... e5 13. Qb3 {The position is equal.} exd4 14. Ne4 Qe7 {Black wants
to play ...dxe3.} 15. exd4 Nf6 16. Nxf6+ Qxf6 17. Ne5 Rb8 {[#]} (17... Qd6 $11
{remains equal.}) 18. Rxc6 ({White should play} 18. Bc4 $1 $16) 18... Be6 $132
{Black puts up resistance} 19. Nd7 (19. Rxe6 $5 Qxe6 20. Qxe6 fxe6 21. Nd7 $11)
19... Bxb3 20. Nxf6+ Kh8 21. Rd6 Rbd8 22. Rxd8 Rxd8 23. axb3 Rxd4 24. Rd1 {
[#] Ne4 is the strong threat.} Bxf6 $15 {Endgame KRB-KRB. Black is slightly
better.} 25. Kf1 Kg7 26. Be2 Rxd1+ 27. Bxd1 Bxb2 {KB-KB} 28. Bf3 b6 29. Ke2 Bd4
30. Bd5 Kf6 31. f3 g5 32. Kd3 Bg1 33. h3 Ke5 {Precision: White = 48%, Black =
66%.} 1/2-1/2

[Event "Yingmei Cup CHN-chT 2017"]
[Site "?"]
[Date "2017.07.29"]
[Round "11"]
[White "Liu, Qingnan"]
[Black "Grischuk, Alexander"]
[Result "0-1"]
[WhiteElo "2502"]
[BlackElo "2761"]
[Annotator "TA"]
[PlyCount "92"]
[EventDate "2017.??.??"]
[SourceTitle "Ningbo"]

1. e4 c5 2. Nf3 d6 3. Bb5+ Nd7 4. d4 cxd4 5. Qxd4 a6 6. Be2 {B51: Sicilian:
Moscow Variation (3 Bb5+) without 3...Bd7} Ngf6 7. O-O Qc7 8. c4 {White is
slightly better.} b6 9. Nc3 e6 10. b3 Bb7 11. Bb2 $146 ({Predecessor:} 11. Rd1
Be7 12. h3 Rd8 13. Qe3 O-O {1/2-1/2 (38) Svidler,P (2739)-Grischuk,A (2746)
Khanty-Mansiysk 2011}) 11... Be7 12. b4 O-O 13. a3 Rac8 14. Rac1 Qb8 15. h3
Rfe8 16. Rfd1 Bf8 17. Nd2 Ba8 (17... d5 $5) 18. Qe3 Qb7 19. f4 h6 20. Qf2 Red8
21. Bd3 Qb8 22. Re1 Be7 23. Nb3 Nh7 24. Nd4 Nhf8 25. Nf3 Ng6 26. Qe3 Nh4 27.
Nh2 Ng6 $1 28. Nf3 Nh4 29. Nh2 Ng6 $1 30. Rc2 (30. Ng4 $11) 30... e5 $15 31. g3
b5 32. cxb5 {And now f5 would win.} exf4 $1 33. gxf4 axb5 34. Rf1 Nf6 35. Rg2 {
[#]} ({Better is} 35. Ng4 $15) 35... d5 $1 $19 36. Nxd5 Rxd5 (36... Nxd5 37.
exd5 Qd6 38. Bxg6 $16 (38. Qd4 $2 Bf6 $19)) ({Black should try} 36... Bxd5 $19
37. exd5 Nxd5) 37. exd5 $15 Nxd5 38. Qg3 $2 ({Not} 38. Qd4 $2 Bf6 $19) (38. Qd2
$1 $15 Ndxf4 {[#]} 39. Rxf4 $1 Nxf4 40. Rxg7+ Kf8 41. Bh7) 38... Bh4 $19 39.
Qf3 Ndxf4 40. Be4 Bxe4 41. Qxe4 Nxg2 42. Qxg2 Qg3 $40 {Black goes for the king.
} (42... Bg3 $142 43. Ng4 Nf4 44. Nxh6+ (44. Nf6+ $2 Kh8 $19) 44... Kh7) 43.
Bd4 (43. Qxg3 $142 Bxg3 44. Ng4) 43... Rc2 44. Qxg3 Bxg3 45. Ng4 Nf4 46. Rf3 $2
(46. Be5 Nxh3+ 47. Kh1 Nf2+ 48. Nxf2 Bxe5 49. Nd3) 46... Rc1+ {Precision:
White = 32%, Black = 64%.} 0-1

[Event "Yingmei Cup CHN-chT 2017"]
[Site "?"]
[Date "2017.07.29"]
[Round "11"]
[White "Zhao, Xue"]
[Black "Lagno, Kateryna"]
[Result "1/2-1/2"]
[WhiteElo "2499"]
[BlackElo "2535"]
[Annotator "TA"]
[PlyCount "45"]
[EventDate "2017.??.??"]
[SourceTitle "Ningbo"]

1. d4 Nf6 2. c4 g6 3. Nc3 d5 4. cxd5 Nxd5 5. e4 Nxc3 6. bxc3 Bg7 7. Qa4+ Qd7 {
[%emt 0:00:07] D85: Exchange Grünfeld: Unusual White th moves and lines with
7 Nf3} 8. Bb5 (8. Qxd7+ Nxd7 9. Be3 O-O 10. Rc1 Rd8 11. Nf3 b6 12. Bd3 Bb7 13.
Ke2 e5 14. Rhd1 Rac8 15. d5 c6 16. c4 Bf8 {0-1 (42) Riazantsev,A (2659)
-Mamedyarov,S (2772) Sochi 2017}) 8... c6 9. Be2 O-O 10. Qa3 b6 11. Nf3 c5 12.
O-O {LiveBook: 13 Games} cxd4 13. cxd4 Bb7 14. Qe3 Nc6 15. Bb2 {[#]} Rac8 $146
16. Rab1 e6 17. h4 h5 18. a4 Rfd8 19. Rfd1 Qe7 20. Ba3 Qf6 21. Bb2 (21. e5 $16
Qf5 22. Rbc1) 21... Qe7 $1 $11 22. Ba3 Qf6 23. Bb2 {Precision: White = 59%,
Black = 60%.} 1/2-1/2

[Event "Yingmei Cup CHN-chT 2017"]
[Site "?"]
[Date "2017.07.29"]
[Round "11"]
[White "Fang, Yuxiang"]
[Black "Yu, Ruiyuan"]
[Result "1/2-1/2"]
[WhiteElo "2498"]
[BlackElo "2526"]
[Annotator "TA"]
[PlyCount "60"]
[EventDate "2017.??.??"]
[SourceTitle "Ningbo"]

1. d4 d5 2. c4 c6 3. cxd5 cxd5 4. Nc3 Nf6 5. Nf3 Nc6 6. Bf4 Bf5 7. e3 e6 8. Qb3
Bb4 9. Ne5 {Hoping for Nxc6. D14: Slav Defence: Exchange variation with ...Bf5}
Qb6 10. Be2 (10. Nxc6 bxc6 11. Be2 Ne4 12. f3 Nxc3 13. bxc3 Be7 14. c4 Qxb3 15.
axb3 Bb4+ 16. Kf2 a5 {1-0 (41) Gajewski,G (2634)-Fressinet,L (2668) Chartres
2017}) 10... Ne4 11. g4 Bg6 12. f3 $146 ({Predecessor:} 12. Nxc6 bxc6 13. f3
Nxc3 14. bxc3 Be7 15. O-O O-O 16. c4 c5 17. cxd5 cxd4 {0-1 (37) Sadorra,J 
(2531)-Barcenilla,R (2501) ICC INT 2012}) 12... Nxe5 13. Bxe5 f6 14. fxe4 fxe5
(14... Bxc3+ $5 15. bxc3 Qxb3 16. axb3 Bxe4 $11) 15. O-O Bxc3 (15... O-O-O $1
$11) 16. Qa4+ $1 $16 Ke7 17. bxc3 Bxe4 ({Don't go for} 17... Qb2 $2 18. Rab1
$18) 18. Qa3+ Ke8 {[#]} 19. Rf2 $1 Rd8 20. Qa4+ (20. Raf1 $18 a6 21. Rf7) 20...
Ke7 {[#]} 21. Raf1 $1 Bg6 22. dxe5 (22. Bd3 $16 e4 23. Rb1) 22... Qc5 $11 {
The position is equal.} 23. Bd3 $40 {Threatens to win with Bxg6. White attacks.
} Rhf8 24. Bxg6 hxg6 25. Qc2 Qxe3 {Strongly threatening ...Rf4.} 26. Qxg6 Rxf2
27. Rxf2 Qe1+ 28. Rf1 Qe3+ 29. Rf2 Qe1+ 30. Rf1 Qe3+ {Precision: White = 73%,
Black = 55%.} 1/2-1/2

[Event "Yingmei Cup CHN-chT 2017"]
[Site "?"]
[Date "2017.07.29"]
[Round "11"]
[White "Li, Di"]
[Black "Wang, Yiye"]
[Result "0-1"]
[WhiteElo "2485"]
[BlackElo "2425"]
[Annotator "TA"]
[PlyCount "129"]
[EventDate "2017.??.??"]
[SourceTitle "Ningbo"]

1. Nf3 Nf6 2. d4 e6 3. c4 Bb4+ 4. Bd2 a5 5. Nc3 b6 6. e3 Bb7 7. Bd3 Bxc3 {
E11: Bogo-Indian} (7... d6 8. Qc2 Nbd7 9. e4 e5 10. Nd5 c5 11. dxe5 Nxe5 12.
Nxe5 dxe5 13. O-O Bxd2 14. Qxd2 O-O 15. Qc3 Qd6 16. Bc2 Rfd8 {1/2-1/2 (35)
Fressinet,L (2700)-Grischuk,A (2764) Beijing 2012}) 8. Bxc3 Ne4 9. Rc1 d6 {
LiveBook: 4 Games. The position is equal.} 10. O-O Nd7 11. Be1 e5 $146 ({
Predecessor:} 11... f5 12. Qc2 O-O 13. d5 Ndc5 14. dxe6 Nxe6 15. Nd4 {1-0 (55)
Karavade,E (2413)-Paridar,S (2242) Ha Long City 2009}) 12. Qc2 f5 13. c5 bxc5
14. Qb3 Ba6 (14... Nb6 $14) 15. Bxa6 $16 Rxa6 16. Qc4 Ra7 17. dxe5 (17. Qe6+
$16 Qe7 18. Qxf5 exd4 19. exd4) 17... Qe7 $14 18. e6 (18. Bc3 $14) 18... Nb6
$15 19. Qb5+ Kd8 20. Nd2 {With the idea Nxe4.} Qxe6 21. Nxe4 fxe4 22. Bc3 Kc8
23. Rfd1 Rf8 (23... Qd7 $15 24. Qe2 Kb7) 24. Bxa5 $11 Nd7 25. Bc3 Rf5 26. Qb3 (
26. Bxg7 $11 Rxa2 27. Qe2) 26... Qxb3 $15 27. axb3 Ne5 (27... Rb7 {is more
complex.} 28. Bxg7 Rg5 29. Bh8 Rxb3 30. Rc3 Rb8) 28. Bxe5 (28. Rc2 $15) 28...
Rxe5 {Endgame KRR-KRR} 29. Kf1 Rb7 30. Rc3 Rb4 31. Ke2 Kb7 32. Ra1 Rg5 33. g3
Re5 34. h4 Re8 35. Ra3 h5 36. Rc4 Kb6 (36... Rb5 $17 37. Kd1 g6) 37. Rxb4+ $1
cxb4 {KR-KR} 38. Ra1 d5 39. g4 hxg4 {[#] And now ...Rh8 would win.} 40. Rg1 Rf8
41. Rxg4 Rf7 42. h5 (42. Rg6+ $11 c6 43. Rg5) 42... Rf5 43. Rxg7 Rxh5 44. Rg1
Rh8 45. Rd1 c6 46. Ra1 Rf8 47. Rd1 Ra8 48. f3 exf3+ (48... Rh8 $5 49. fxe4 dxe4
$15) 49. Kxf3 Rh8 {aiming for ...Rh3+.} 50. Rd2 Rh3+ 51. Kf4 Rh1 52. Ke5 Rh4
53. Kd6 Rh6+ 54. Ke5 Rh3 55. Kd4 Kb5 56. Rc2 Rh4+ 57. Ke5 Rh6 58. Rg2 Rh3 59.
Re2 Kb6 60. Kd4 Rh4+ 61. Kd3 c5 62. Rg2 Rh3 63. Rg5 $2 {[#]} (63. Rg6+ $15 Kb5
64. Rg2) 63... Rh2 $1 $19 64. Rxd5 Rxb2 65. e4 {Precision: White = 47%, Black
= 43%.} 0-1

[Event "Yingmei Cup CHN-chT 2017"]
[Site "?"]
[Date "2017.07.29"]
[Round "11"]
[White "Ni, Shiqun"]
[Black "Bodnaruk, Anastasia"]
[Result "1/2-1/2"]
[WhiteElo "2450"]
[BlackElo "2443"]
[Annotator "TA"]
[PlyCount "79"]
[EventDate "2017.??.??"]
[SourceTitle "Ningbo"]

1. e4 c5 2. Nf3 d6 3. Bb5+ Bd7 4. Bxd7+ Qxd7 5. c4 Nf6 6. Nc3 g6 7. d4 cxd4 8.
Nxd4 Bg7 9. h3 O-O 10. Be3 Rc8 11. b3 Nc6 12. O-O Qd8 {B52: Sicilian: Moscow
Variation with 3...Bd7} (12... a6 13. Nd5 Nxd5 14. exd5 Nxd4 15. Bxd4 Bxd4 16.
Qxd4 b5 17. Rfe1 bxc4 18. bxc4 Rc7 19. Qh4 Rac8 20. Re4 {1/2-1/2 (50) Howell,D
(2611)-Anand,V (2804) London 2010}) 13. Rc1 a6 {LiveBook: 5 Games} 14. Qd3 Nd7
{White has an edge.} 15. Nxc6 $146 ({Predecessor:} 15. Rfd1 Rab8 16. Nxc6 Rxc6
17. Nd5 Nf6 18. Nb4 Rcc8 {0-1 (57) Akvist,H (2325) -Danner,G (2335) Eksjo 1979}
) 15... bxc6 16. Rfd1 c5 17. f4 Ra7 18. Nd5 Rb7 19. Qc2 e6 (19... Qe8 $11) 20.
Nc3 $14 Qe7 {[#]} 21. Rd2 ({White should try} 21. Rd3 $1 $16) 21... Nb8 $1 $11
22. Rcd1 Nc6 23. Qc1 Nd4 24. Ne2 e5 25. Nc3 exf4 26. Bxf4 Re8 27. Rf2 Qe6 28.
Kh1 Rd7 29. Bh6 Bh8 30. Re1 f5 31. Rff1 {[#] Threatens to win with exf5.} Be5
32. Bf4 Rf7 33. Nd5 Ref8 34. Bh6 Re8 35. Bf4 Ref8 36. Bh6 Re8 37. Bf4 Ref8 38.
Bh6 Re8 39. Bf4 Ref8 40. Bh6 {Precision: White = 42%, Black = 57%.} 1/2-1/2

[Event "Yingmei Cup CHN-chT 2017"]
[Site "?"]
[Date "2017.07.29"]
[Round "11"]
[White "Dai, Changren"]
[Black "Peng, Xiongjian"]
[Result "1/2-1/2"]
[WhiteElo "2438"]
[BlackElo "2423"]
[Annotator "TA"]
[PlyCount "91"]
[EventDate "2017.??.??"]
[SourceTitle "Ningbo"]

1. e4 e5 2. Nf3 Nc6 3. Bb5 a6 4. Ba4 Nf6 5. O-O Be7 6. d3 b5 7. Bb3 d6 8. a3
O-O 9. Nc3 Bg4 10. Be3 Nd4 {C84: Closed Ruy Lopez: Unusual White 6th moves} 11.
Bxd4 exd4 12. Nd5 c6 (12... Nd7 13. h3 Bxf3 14. Qxf3 a5 15. c3 dxc3 16. bxc3 c6
17. Nxe7+ Qxe7 18. d4 {1-0 (59) Naiditsch,A (2712)-Ponomariov,R (2699) Danzhou
2017}) 13. h3 Bxf3 14. Nxf6+ Bxf6 15. Qxf3 {LiveBook: 7 Games} Qd7 16. Qg3 Rae8
$146 ({Predecessor:} 16... Kh8 17. f4 g6 18. Rf3 {1-0 (38) Ostrovskiy,A (2396)
-Dehmelt,K (2271) Linthicum 2016}) 17. a4 Ra8 18. f4 {Threatens to win with e5.
} Qe7 19. Qf3 b4 20. Rae1 Rae8 (20... Qc7 $142) 21. e5 $1 $16 dxe5 22. Qxc6 a5
{[#]} 23. fxe5 $1 Bxe5 24. Bxf7+ (24. Qb5 $16) 24... Rxf7 $14 25. Qd5 $1 {
aiming for Rxe5!} Qd7 26. Rxe5 Rxe5 27. Qxe5 {[#] White wants to mate with
Qb8+.} Rxf1+ 28. Kxf1 Qxa4 {Endgame KQ-KQ} 29. Qd5+ Kf8 30. Qc5+ $1 Kf7 31. Kf2
h6 {The position is equal.} 32. h4 Kg8 33. h5 Kf7 34. Kg3 Kg8 35. Kf4 Qa1 36.
Qd5+ Kh8 37. Qa8+ Kh7 38. Qe4+ Kg8 39. Qe8+ Kh7 40. Qe4+ Kg8 41. Kf5 {And now
Kg6 would win.} Qf1+ 42. Ke5 Qc1 43. Qa8+ Kh7 44. Qe4+ Kh8 45. Qa8+ Kh7 46.
Qe4+ {Precision: White = 75%, Black = 73%.} 1/2-1/2

[Event "Yingmei Cup CHN-chT 2017"]
[Site "?"]
[Date "2017.07.29"]
[Round "11"]
[White "Guo, Qi"]
[Black "Sun, Fanghui"]
[Result "1/2-1/2"]
[WhiteElo "2413"]
[BlackElo "2059"]
[Annotator "TA"]
[PlyCount "107"]
[EventDate "2017.??.??"]
[SourceTitle "Ningbo"]

1. c4 e5 2. Nc3 Nf6 3. Nf3 Nc6 4. g3 d5 5. cxd5 Nxd5 6. Bg2 Nb6 7. O-O Be7 8.
d3 O-O 9. a3 Re8 10. Be3 Bf8 11. b4 Nd4 {[%emt 0:00:04] A29: English Opening:
Four Knights Variation with g3} (11... Bg4 12. Bc5 Nd4 13. Nxd4 exd4 14. Ne4 c6
15. Bxf8 Rxf8 16. Nc5 Qe7 17. Re1 Nc8 18. Qd2 Rd8 19. Rac1 {1/2-1/2 (61) Dubov,
D (2660)-Vachier Lagrave,M (2804) Doha 2016}) 12. Bxd4 exd4 13. Nb5 {[#]
LiveBook: 3 Games} (13. Ne4 $11) 13... a5 (13... g5 $1 $17 {...c6 is the
strong threat.} 14. h3 Bg7) 14. bxa5 $11 Rxa5 15. Nbxd4 Rxa3 16. Rxa3 Bxa3 17.
Qc2 $146 ({Predecessor:} 17. Qb3 Bf8 18. Rb1 Nd7 19. Qc2 {1/2-1/2 (29) Zueger,
B (2420)-Miralles,G (2470) Switzerland 1994}) 17... c5 18. Nb3 Qe7 19. e3 Bf5
20. Nh4 Be6 21. Na5 Bb4 22. Nc4 Qc7 23. Nxb6 Qxb6 24. Ra1 Rd8 25. Be4 g6 26.
Ng2 f5 27. Bf3 Bf7 28. h4 Qf6 29. Ra7 Qc3 {[#]} (29... b5 $1 $11) 30. Qxc3 (30.
Qa4 $1 $16) 30... Bxc3 31. Rxb7 Rxd3 32. Rc7 Bb4 33. Nf4 Rd2 34. Be2 h6 35. Kf1
Ba3 (35... h5 $11 {keeps the balance.}) 36. g4 (36. h5 $16 g5 37. Ng6) 36...
fxg4 37. Bxg4 Rd6 38. Be2 Rd2 39. Bg4 Rd6 40. Kg2 Bb4 41. e4 Rd4 (41... Bd2 $11
42. Nd5 Bb4) 42. Kf3 c4 43. e5 Bd2 44. Ne6 Rd3+ 45. Ke4 {And now h5 would win.}
h5 $1 46. Rc8+ Kh7 47. Ng5+ (47. Nf8+ $14 Kg7 48. Be6) 47... Bxg5 $1 48. e6
Bxe6 ({Of course not} 48... Bxh4 $6 49. exf7 Be7 50. Be2 $16) 49. Bxe6 Bxh4 50.
Bxc4 {KRB-KRB} Rd6 51. f4 Rd8 52. Rc7+ Kh6 53. Bf7 Bf6 54. Be6 {Precision:
White = 48%, Black = 54%.} 1/2-1/2

[Event "Yingmei Cup CHN-chT 2017"]
[Site "?"]
[Date "2017.07.29"]
[Round "11"]
[White "Wang, Tongsen"]
[Black "Wei, Yi"]
[Result "0-1"]
[WhiteElo "2385"]
[BlackElo "2727"]
[Annotator "TA"]
[PlyCount "76"]
[EventDate "2017.??.??"]
[SourceTitle "Ningbo"]

1. e4 c6 2. c4 d5 3. exd5 cxd5 4. cxd5 Nf6 5. Qa4+ Nbd7 6. Nc3 g6 7. Bc4 Bg7 8.
Nf3 {[%emt 0:00:02] B10: Caro-Kann: d3 and 2 c4} a6 9. d3 O-O 10. Qa3 b6 11.
O-O Bb7 12. Be3 b5 {LiveBook: 7 Games} 13. Bb3 Nb6 14. Bxb6 Qxb6 15. Qxe7 a5 {
[#]} 16. Qe3 $146 Qxe3 17. fxe3 a4 18. Bd1 $1 Ng4 {aiming for . ..a3.} 19. Nxb5
(19. Re1 $11 {remains equal.}) 19... Nxe3 $17 20. Re1 Nxd1 ({But not} 20...
Nxd5 $6 21. Nd6 $11) 21. Rexd1 Bxd5 22. d4 {[#]} (22. Nc7 $17 {was called for.}
Bxf3 23. gxf3) 22... Rab8 $1 $19 23. Nc3 Bxf3 $1 24. gxf3 Rxb2 25. a3 Rc2 26.
Nb5 Rd8 {Strongly threatening ...Rd5.} 27. Rac1 Rb2 28. Rb1 {[#]} Bxd4+ $1 29.
Kh1 {Threatens to win with Rxb2.} (29. Nxd4 Rxb1) 29... Rxb1 30. Rxb1 {Endgame
KRB-KRN} Be5 31. Rb4 Rd1+ 32. Kg2 Rd2+ 33. Kf1 Bxh2 34. Rxa4 Bg3 35. Rg4 (35.
Nd4 {keeps fighting.}) 35... Rf2+ 36. Kg1 Rxf3 37. Kg2 Rb3 38. Nd4 Rd3 {
Precision: White = 64%, Black = 90%.} 0-1

[Event "Yingmei Cup CHN-chT 2017"]
[Site "?"]
[Date "2017.07.29"]
[Round "11"]
[White "Lan, Zilun"]
[Black "Wen, Yang"]
[Result "1/2-1/2"]
[WhiteElo "2357"]
[BlackElo "2613"]
[Annotator "TA"]
[PlyCount "85"]
[EventDate "2017.??.??"]
[SourceTitle "Ningbo"]

1. d4 d5 2. c4 e6 3. Nc3 c6 4. cxd5 exd5 5. Qc2 Bd6 6. Nf3 h6 {LiveBook: 5
Games. D31: Queen's Gambit Declined: Semi-Slav without ...Nf6 (+ Marshall
Gambit and Noteboom) and Exchange Variation lines without ...Nf6} (6... Na6 7.
a3 Nc7 8. Bg5 Ne7 9. e3 f6 10. Bh4 Bf5 11. Qb3 b5 12. Be2 a5 13. Bg3 a4 14. Qd1
{1-0 (40) Kazhgaleyev,M (2582)-Vidit,S (2658) Tashkent 2016}) 7. g3 Na6 $146 ({
Predecessor:} 7... Nf6 8. Bf4 O-O 9. Bxd6 Qxd6 10. Bg2 Re8 11. O-O Nbd7 12. e3
Nb6 13. Nd2 g6 14. Rfe1 {0-1 (39) Dolgov,V (2187)-Matlakov,M (2361) Smolensk
2005}) 8. a3 Nc7 {The position is equal.} 9. Bg2 Nf6 10. O-O O-O 11. Nh4 Re8
12. Nf5 Bf8 13. h3 a6 14. g4 Nb5 15. Nxb5 axb5 16. Ng3 Ne4 17. Nxe4 dxe4 18.
Bxe4 Qxd4 19. Bg2 {[#]} h5 $1 20. gxh5 Qh4 21. Qd3 Be6 {Black has strong
compensation.} 22. Qf3 Bc4 (22... Bd6 $17 23. Re1 Red8) 23. Be3 $15 Re5 24.
Rad1 Be6 25. h6 Bc5 26. Bxc5 Rxc5 27. hxg7 Rg5 28. Kh2 Re8 29. e4 Bg4 30. Qf4
Qh6 {[#]} 31. Rd6 $1 Be6 {Strongly threatening ...Rxg2+!} 32. Qf3 ({Better is} 
32. Qe3 $14) 32... Qxg7 $11 33. Rd2 (33. Rfd1 $11) 33... Kh7 $15 34. Rg1 Rg8
35. Kh1 Qg6 (35... Rg6 $17 36. Rd3 Qxb2) 36. Rd3 Rg7 37. Qf4 f6 38. Rg3 Rxg3
39. fxg3 Qxg3 40. Qxf6 Bxh3 41. Qf3 {aiming for Qh5+.} Bd7 {Threatens to win
with ...Qh4+.} 42. Qxg3 Rxg3 43. Re1 {Precision: White = 58%, Black = 57%.}
1/2-1/2

[Event "Yingmei Cup CHN-chT 2017"]
[Site "?"]
[Date "2017.07.29"]
[Round "11"]
[White "Zhang, Xiaowen"]
[Black "Ding, Yixin"]
[Result "1/2-1/2"]
[WhiteElo "2345"]
[BlackElo "2420"]
[Annotator "TA"]
[PlyCount "70"]
[EventDate "2017.??.??"]
[SourceTitle "Ningbo"]

1. e4 c5 2. Nf3 d6 3. d4 cxd4 4. Nxd4 Nf6 5. Nc3 Nc6 6. Bg5 e6 7. Qd2 a6 8.
O-O-O Bd7 9. f4 b5 10. Bxf6 gxf6 11. Kb1 Qb6 12. Nxc6 Bxc6 13. f5 b4 {B67:
Sicilian: Richter-Rauzer: 7...a6 8 0-0-0 Bd7, lines without 9 f4 Be7} 14. Ne2
e5 15. Ng3 h5 (15... Qc5 16. Nh5 Ke7 17. Bd3 Rg8 18. h4 Rd8 19. Qe2 Bh6 20.
Rhe1 a5 21. g4 {0-1 (42) Saric,I (2609)-Kozul,Z (2631) Valpovo 2017}) 16. h4
Qc5 17. Qe2 Ke7 18. Nxh5 {LiveBook: 18 Games} Bb5 $1 19. Qg4 Bh6 $1 20. Bd3 (
20. Bxb5 $2 axb5 21. Nxf6 Kxf6 $19) 20... Rhg8 21. Qe2 {[#]} Qe3 $146 22. Bxb5
(22. Qf1 $5) 22... axb5 {The position is equal.} 23. Qxb5 {White wants to mate
with Qb7+.} Qa7 $1 24. Qd5 Qa6 $1 25. Qb3 Rxg2 26. Rhg1 Re2 27. Rg3 (27. Ng3 $5
Rh2 28. Rh1 $11) 27... Rc8 28. Nxf6 Kxf6 {[#]} 29. Rg6+ $1 fxg6 30. Qe6+ Kg7 {
And now ...Rg2 would win.} 31. Qxg6+ Kf8 $1 32. Qxh6+ Ke8 {Threatens to win
with ...Kd7.} 33. Qe6+ Kf8 {Hoping for ...Rg2.} 34. Qh6+ ({Not} 34. Rg1 $2 {[#]
} Rg2 $3 $19) 34... Ke8 {White must now prevent ...Kd7.} 35. Qe6+ Kf8 {
Precision: White = 87%, Black = 100%.} 1/2-1/2

[Event "Yingmei Cup CHN-chT 2017"]
[Site "?"]
[Date "2017.07.29"]
[Round "11"]
[White "Wang, Jue"]
[Black "Ren, Xiaoyi"]
[Result "0-1"]
[WhiteElo "2335"]
[BlackElo "2262"]
[Annotator "TA"]
[PlyCount "72"]
[EventDate "2017.??.??"]
[SourceTitle "Ningbo"]

1. e4 e5 2. Nf3 d6 3. d4 exd4 4. Nxd4 Nf6 5. Nc3 Be7 6. g3 d5 7. e5 Ng4 {
C41: Philidor Defence} 8. Bg2 Nxe5 9. Qe2 Nbc6 {LiveBook: 6 Games. White is
slightly better.} 10. Be3 $146 {White has compensation.} ({Predecessor:} 10.
Nxc6 Nxc6 11. Nxd5 Be6 12. O-O O-O 13. Rd1 Bd6 14. Bf4 Re8 15. Ne3 {1-0 (73)
Anand,V (2792) -Aronian,L (2752) Monte Carlo 2006}) 10... O-O 11. O-O-O Bg4 12.
f3 Bc8 $1 13. Nb3 Be6 {[#]} 14. Nc5 ({Better is} 14. Nxd5 $1 $11 Bxd5 15. f4)
14... Bxc5 15. Bxc5 Re8 16. Rhe1 Nd7 17. Be3 Ne7 18. Bg5 {[#] aiming for Nxd5!}
c6 19. f4 $1 Qa5 20. g4 Nf6 21. Bxf6 gxf6 22. f5 Bd7 23. Qd2 {Black must now
prevent Qh6.} Kh8 24. Qd4 Ng8 $1 25. Kb1 (25. Rxe8 {with more complications.}
Rxe8 26. Bf3 Qc7 27. Ne2 Qxh2 28. Qxa7 Rxe2 29. Bxe2 Qxe2 30. Qxb7 Be8 31. a4)
25... Rxe1 26. Rxe1 Re8 27. Rd1 Qb6 28. Qf4 (28. Qxb6 $11 axb6 29. Na4) 28...
Re5 (28... h5 $5) 29. a3 Qe3 (29... h5 $5) 30. Qb4 (30. Qxe3 $15 Rxe3 31. h3)
30... Qf2 $17 31. Be4 ({Don't go for} 31. Qxb7 $2 Re7 $19) (31. Bh1 $17 {
was necessary.}) 31... dxe4 $19 32. Rxd7 e3 ({Not} 32... Qxh2 33. Qf8 $14) 33.
Rxf7 e2 34. Qf8 $2 (34. Nxe2 Rxe2 35. Qxb7 Qxh2 36. Qxc6) 34... Qg1+ {Black is
clearly winning.} ({Don't blunder} 34... e1=Q+ $2 35. Ka2 $18) 35. Ka2 Qxg4 36.
h3 (36. Nxe2 $142 Rxe2 37. Qc5) 36... Qc4+ {Precision: White = 38%, Black =
61%.} 0-1

[Event "Yingmei Cup CHN-chT 2017"]
[Site "?"]
[Date "2017.07.29"]
[Round "11"]
[White "Yuan, Ye"]
[Black "Yao, Lan"]
[Result "1/2-1/2"]
[WhiteElo "2306"]
[BlackElo "2273"]
[Annotator "TA"]
[PlyCount "77"]
[EventDate "2017.??.??"]
[SourceTitle "Ningbo"]

1. d4 Nf6 2. c4 e6 3. Nc3 Bb4 4. Qc2 O-O 5. a3 Bxc3+ 6. Qxc3 Ne4 7. Qc2 d5 8.
Nf3 b6 {LiveBook: 18 Games. E37: Nimzo-Indian: Classical: 4...d5 5 a3 Bxc3+ 6
Qxc3 Ne4} 9. Bf4 (9. g3 c5 10. Bg2 Bb7 11. O-O Nd7 12. cxd5 exd5 13. Bf4 Re8
14. Rad1 Qf6 15. Ne5 Nf8 16. f3 Nd6 17. dxc5 bxc5 18. Ng4 Qe7 19. Qxc5 {
1/2-1/2 (50) Sasikiran,K (2700)-Granda Zuniga,J (2612) Zafra 2007}) 9... c5 10.
e3 Bb7 11. Bd3 Nd7 12. cxd5 exd5 13. O-O Rc8 14. Qe2 $146 ({Predecessor:} 14.
Qa4 a6 15. Rfc1 c4 16. Bxe4 dxe4 {1-0 (29) Winter,M (1175)-Gatto,V (900) LSS
email 2012}) 14... c4 15. Bc2 (15. Bxe4 $5 dxe4 16. Nd2 $14) 15... Qe7 16. Ne5
Nxe5 17. Bxe5 f6 18. Bf4 c3 19. bxc3 Rxc3 20. f3 Ng5 21. Bf5 Ne6 (21... g6 {
is more complex.} 22. Bd3 Rxa3 23. h4 Ne6 24. Bg3 Ng7) 22. Bxe6+ Qxe6 23. Rfc1
Rfc8 24. Qd2 Qc6 25. Rxc3 Qxc3 26. Qxc3 Rxc3 $11 {Endgame KRB-KRB} 27. Kf2 Rc2+
28. Kg3 Kf7 29. Bd6 Bc6 30. h4 {The position is equal.} h5 31. Rb1 b5 32. Bb4
Ke6 33. Rb3 Kf5 34. Rc3 Rxc3 35. Bxc3 g5 36. Bb4 Bd7 37. Bc3 Bc6 38. Bb4 Bd7
39. Bc3 {Precision: White = 56%, Black = 63%.} 1/2-1/2

[Event "Yingmei Cup CHN-chT 2017"]
[Site "?"]
[Date "2017.07.29"]
[Round "11"]
[White "Zhai, Mo"]
[Black "Xiao, Yiyi"]
[Result "1/2-1/2"]
[WhiteElo "2303"]
[BlackElo "2290"]
[Annotator "TA"]
[PlyCount "72"]
[EventDate "2017.??.??"]
[SourceTitle "Ningbo"]

1. d4 Nf6 2. c4 e6 3. Nf3 b6 4. g3 Bb7 5. Bg2 Be7 6. O-O O-O 7. Re1 d5 8. cxd5
exd5 9. Nc3 Nbd7 10. Bf4 c5 11. Qc2 {E17: Queen's Indian: 4 g3 Bb7 5 Bg2 Be7}
Ne4 12. Rad1 Rc8 13. Qb1 {[#] The position is equal.} Nxc3 $146 ({Find the
theoretical novelty and annotate with similar games:} 13... Ndf6 14. Bh3 Ra8
15. dxc5 bxc5 16. Bg2 Qb6 17. Ne5 Qe6 18. Nf3 h6 19. Nxe4 Nxe4 {1/2-1/2 (44)
Matlakov,M (2696)-Rozum,I (2539) Kaliningrad 2015}) 14. bxc3 Nf6 15. Ne5 cxd4
16. cxd4 Bd6 17. Bg5 {Hoping for Bxf6.} Re8 $1 18. Bh3 (18. Ng4 $5) 18... Rc7
19. Qb5 Bxe5 20. dxe5 Rxe5 21. Bf4 Rc5 22. Qa4 Re7 23. Qxa7 Ra5 24. Qb8 Qxb8
25. Bxb8 Rxa2 26. Rb1 d4 27. Bd6 Re8 28. Rbd1 Ra4 29. Bc7 Rb4 30. Bd6 Rc4 31.
Bf1 Ne4 32. Ba3 Nc3 33. Rd2 Ne4 34. Rdd1 (34. Rb2 $11) 34... Nc3 35. Rd2 Ne4
36. Rdd1 (36. Rb2 $11) 36... Nc3 {Precision: White = 54%, Black = 56%.} (36...
b5 $15) 1/2-1/2